Responses for Show #6287 - Tuesday, January 10, 2012

Dan McShane game 3.

Contestants

[<< previous game]

Jennifer Osorio, a librarian from Huntington Beach, California

Bryan Barnett, a military charter flight attendant from Potomac Falls, Virginia

Dan McShane, a baseball game logger from West Islip, New York (whose 2-day cash winnings total $24,400)

[next game >>]

Jeopardy! Round responses

SLIM VOLUMES
STATE OF THE UNION
GOING TOO "FUR"
IT MIGHT SURPRISE YOU
JONATHAN SWIFTIES
COMIC STRIPS
    $200 16
Dr. Atkins

Jennifer
    $200 6
Massachusetts

Dan
    $200 1
the Furby

Bryan
    $200 12
Jimmy Cagney

Bryan
    $200 11
an oyster

Dan
    $200 13
(Alex: [*], yes our hero!)

Charlie Brown

Bryan
    $400 17
a Caveman

Dan
    $400 7
Oregon

Bryan
    $400 2
furled

Bryan
    $400 19
a blackout

Jennifer
    $400 23
(Dan: What is immortal?)
(Jennifer: What is short?)

old

DanJennifer
Triple Stumper
    $400 14
Cathy

Dan
    $600 18
The Zone

Triple Stumper
    $600 8
West Virginia

Dan
    $600 3
furnish

Dan
    $600 20
a lemming

Dan
    $600 24
(Alex: Yes, with a minute to go.)

style

Jennifer
    $600 15
Dilbert

Jennifer
    $800 29
[The end-of-round signal sounds.]

(Rocco) DiSpirito

Dan
    $800 9
Delaware

Jennifer
    $800 4
a furnace

Bryan
    $800 21
(Bryan: What is the Oxford English Dictionary?)

the Encyclopaedia Britannica

DanBryan
    $800 25
laws

Triple Stumper
    $800 27
Doonesbury

Dan
    $1000 10
Missouri

Jennifer
    $1000 5
"Für Elise"

Dan
    $1,200 22
the pelvis

Dan
    $1000 26
ad infinitum

Triple Stumper
    $1000 28
Bloom County

Bryan

Scores at the first commercial break (after clue 15):

Dan Bryan Jennifer
$3,000 $2,200 $2,400

Scores at the end of the Jeopardy! Round:

Dan Bryan Jennifer
$7,200 $2,400 $3,200

Double Jeopardy! Round responses

ARCHITECTURE
SOUNDS LIKE A CAPITAL CITY
MOTORCYCLE MAKERS
MISSING LINKS
PLATE TECTONICS
COMICS STRIP
    $400 16
the baths

Dan
    $400 6
(Alex: B-U-R-N for combustion, B-E-R-N for the capital city.)

burn

Triple Stumper
    $400 21
Harley-Davidson

Dan
    $400 7
association

Bryan
    $400 23
ridges

Dan
    $400 1
(John) Cleese

Dan
    $800 17
(Dan: What is a garden?)

a staircase

DanBryan
    $800 8
manila

Dan
    $800 22
(Bryan: What is Kawasaki?)
(Dan: What is Honda?)
...
(Alex: With less than a minute to go.)

Suzuki

DanBryan
Triple Stumper
    $800 9
cry

Bryan
    $800 25
[The end-of-round signal sounds.]

the tides

Dan
    $800 2
Russell Brand

Dan
    $4,000 18
(Bryan: [Punches fist in the air] Gah! Woo-hoo! This is gettin' fun.)

neoclassic

Bryan
    $1200 13
sole

Jennifer
    $1200 24
(Alex: Now's the time for [*].)

Kawasaki

Triple Stumper
    $1200 10
(Jennifer: I have no idea.)
(Alex: Aren't you glad you rang in, and lost, uh, a lot of money?)

home

BryanJennifer
    $1200 3
(Sacha Baron) Cohen

Bryan
    $1600 19
(Alex: It rhymes with basement because it's a [*].)

casement

Triple Stumper
    $1600 14
Type A

Triple Stumper
    $1600 11
powder

Dan
    $1600 4
Sarah Marshall

Dan
    $2000 20
(Dan: Who is Mies van der Rohe?)
(Bryan: Who is Corbusier?)

Walter Gropius

DanBryan
Triple Stumper
    $2000 15
(Dan: What... is... I don't know.)

Canberra

DanJennifer
    $2000 12
miss

Jennifer
    $2000 5
The Hangover

Dan

Scores at the end of the Double Jeopardy! Round:

Dan Bryan Jennifer
$10,800 $8,000 $7,200

[wagering suggestions for these scores]

Final Jeopardy! Round responses

RULERS IN HISTORY
JenniferWho is Peter the Great
$7,199
BryanWho is so
$8,000
DanWho is Peter the Great?
$5,201
Peter the Great

Final scores:

Dan Bryan Jennifer
$16,001 $0 $14,399
3-day champion: $40,401 3rd place: $1,000 2nd place: $2,000

Game dynamics:

Coryat scores:

Dan Bryan Jennifer
$10,600 $5,200 $7,200
22 R
(including 1 DD),
5 W
13 R
(including 1 DD),
3 W
9 R,
2 W

Combined Coryat: $23,000

[game clues] [game scores] [suggest correction]

Game tape date: 2011-11-08
The J! Archive is created by fans, for fans. Scraping, republication, monetization, and malicious use prohibited; this site may use cookies and collect identifying information. See terms. The Jeopardy! game show and all elements thereof, including but not limited to copyright and trademark thereto, are the property of Jeopardy Productions, Inc. and are protected under law. This website is not affiliated with, sponsored by, or operated by Jeopardy Productions, Inc. Join the discussion at JBoard.tv.